Los veinte triunphos / (Record no. 55955)

MARC details
000 -LEADER
campo de control de longitud fija 00479nam a2200145 i 4500
001 - NÚMERO DE CONTROL
campo de control 55955
003 - IDENTIFICADOR DE NÚMERO DE CONTROL
campo de control ES-MaACL
007 - CAMPO FIJO DE DESCRIPCIÓN FÍSICA--INFORMACIÓN GENERAL
campo de control de longitud fija t|
008 - DATOS DE LONGITUD FIJA--INFORMACIÓN GENERAL
campo de control de longitud fija 031001s1945 sp ||||1| spa d
100 1# - ENTRADA PRINCIPAL--NOMBRE DE PERSONA
Nombre de persona Díaz de Fregenal, Vasco.
9 (RLIN) 44226
245 14 - MENCIÓN DEL TÍTULO
Título Los veinte triunphos /
Mención de responsabilidad, etc. hechos por Vasco Díaz de Fregenal.
260 ## - PUBLICACIÓN, DISTRIBUCIÓN, ETC.
Lugar de publicación, distribución, etc. [Madrid :
Nombre del editor, distribuidor, etc. Junta Técnica de Archivos, Bibliotecas y Museos,
Fecha de publicación, distribución, etc. 1945] (
Fabricante Ultra)
300 ## - DESCRIPCIÓN FÍSICA
Extensión CXL fol., 4 facs :
Otras características físicas il. ;
Dimensiones 22 cm.
852 ## - LOCALIZACIÓN
Ubicación ES-MaACL
Número de control de estantería G-7126
Sublocalización o colección R.21980
Holdings
Estatus retirado Estado de pérdida Estado de daño No para préstamo Biblioteca de origen Biblioteca actual Ubicación en estantería Fecha de adquisición Fuente de adquisición Total de préstamos Signatura topográfica completa Código de barras Visto por última vez Precio de reemplazo Tipo de ítem Koha
        Biblioteca del Ateneo de Madrid Biblioteca del Ateneo de Madrid Depósito 2 17/01/2008     G-7126 1058776 23/02/2023 23/02/2023 Libro impreso